Statistiques concernant Focus sur: Olympe Maxime - Harry Potter

Cliquez ici pour prendre le quiz!

Statistiques générales

  • Ce quiz a été pris 239 fois
  • Le résultat moyen est 7 sur 8

Statistiques - réponses

Informations recherchéesRéponses% Correct
Première apparitionHarry Potter et la Coupe de Feu
99%
Couleur des cheveuxNoir
98%
Ecole fréquentéeBeauxbâtons
97%
ProfessionDirectrice de l'académie de Beauxbâtons
97%
EspèceDemi-géant
96%
Lieu de rencontre avec Harry PotterPoudlard
96%
Statut du sangHybride
66%
Actrice l'interprétant dans les filmsFrances de la Tour
32%

Distribution des résultats

Percentile par nombre de réponses

% des personnes avec chaque résultat

Votre développement - résultats

Vous n’avez pas pris ce quiz